000 00935nam a2200277 i 4500
001 73397
003 ES-MaACL
005 20240104063010.0
007 t|
008 041006s2003 sp ac |||| |bspa d
020 _a84-95645-19-X
080 _a929 Giral, José
080 _a94(460)"1931/39"
100 0 _aPuerto Sarmiento, Francisco Javier,
_d1950-
_994191
245 1 0 _aGiral: el domador de tormentas
_b: la sombra de Manuel Azaña /
_cJavier Puerto.
250 _a1ª ed.
260 _aMadrid :
_bCorona Borealis,
_c2003.
300 _a254 p. :
_bil. ;
_c21 cm.
490 1 _aBiblioteca Rafael y Guillermo Folch ;
_v3
504 _aBibliografía: p. 237-254.
600 1 4 _aGiral, José,
_d1879-1962
_957181
651 4 _aEspaña-
_xHistoria-
_y1931-1939, II República.
_98283
830 0 _aBiblioteca Rafael y Guillermo Folch ;
_v3
_9226603
852 _aES-MaACL
_jL-28230
999 _c73397
_d73397